| 000 | 00556nam a2200205Ia 4500 | ||
|---|---|---|---|
| 003 | OSt | ||
| 005 | 20250120114724.0 | ||
| 008 | 210716s1993 xx 000 0 und d | ||
| 020 | _a0380723387 | ||
| 040 | _cAIMIT LIBRARY | ||
| 041 | _aeng | ||
| 082 |
_a808.83 _21 _bPAGK |
||
| 100 |
_aPage, Katherine Hall. _9194122 |
||
| 245 |
_aBody in the cast / _cBy Katherine Hall Page. |
||
| 250 | _a1st ed. | ||
| 260 |
_aNew York : _bAvon Books ; _c1993 . |
||
| 300 |
_a260p. ; _bPB _c17cm. |
||
| 650 |
_aNovels _9194123 |
||
| 942 |
_2ddc _cBK _e1st ed. _k808.83 PAGK |
||
| 999 |
_c199983 _d199983 |
||